SAYA BACAKAN UNTUK MU : (Record no. 192895)

MARC details
000 -LEADER
fixed length control field 01299nam a2200385 ia4500
003 - CONTROL NUMBER IDENTIFIER
control field OSt
005 - DATE AND TIME OF LATEST TRANSACTION
control field 20230917125719.0
008 - FIXED-LENGTH DATA ELEMENTS--GENERAL INFORMATION
fixed length control field 230827t20232023my a jr 000 1 may
020 ## - INTERNATIONAL STANDARD BOOK NUMBER
International Standard Book Number 9789672728528
Qualifying information paperback
Terms of availability RM 69.90
040 ## - CATALOGING SOURCE
Original cataloging agency PPAK
Language of cataloging eng
Transcribing agency PPAK
Description conventions rda
041 1# - LANGUAGE CODE
Language code of text/sound track or separate title may
Language code of original eng
082 04 - DEWEY DECIMAL CLASSIFICATION NUMBER
Classification number 499.2386
Edition number 23
090 00 - LOCALLY ASSIGNED LC-TYPE CALL NUMBER (OCLC); LOCAL CALL NUMBER (RLIN)
Classification number (OCLC) (R) ; Classification number, CALL (RLIN) (NR) 499.2386
Feature heading MIN
Feature heading K
100 1# - MAIN ENTRY--PERSONAL NAME
Personal name Minwalla, Shabnam,
Relator term author.
245 10 - TITLE STATEMENT
Title SAYA BACAKAN UNTUK MU :
Remainder of title ROBOT SERANGGA /
Statement of responsibility, etc. Pengarang: Shabnam Minwalla ; Ilustrator: Adrija Ghosh ; Penterjemah: Muhd Nazri.
246 33 - VARYING FORM OF TITLE
Title proper/short title Robot serangga
264 #1 - PRODUCTION, PUBLICATION, DISTRIBUTION, MANUFACTURE, AND COPYRIGHT NOTICE
Place of production, publication, distribution, manufacture Petaling Jaya, Selangor :
Name of producer, publisher, distributor, manufacturer Edu Apps (Mal) Sdn. Bhd.,
Date of production, publication, distribution, manufacture, or copyright notice 2023
Date of production, publication, distribution, manufacture, or copyright notice ©2023
300 ## - PHYSICAL DESCRIPTION
Extent 18 pages :
Other physical details colour illustrations ;
Dimensions 21 cm.
336 ## - CONTENT TYPE
Content type term text
Source rdacontent
Content type term still image
Source rdacontent
337 ## - MEDIA TYPE
Media type term unmediated
Source rdamedia
338 ## - CARRIER TYPE
Carrier type term volume
Source rdacarrier
490 1# - SERIES STATEMENT
Series statement SIRI STEM
500 ## - GENERAL NOTE
General note RE@RE recordable audio books
546 ## - LANGUAGE NOTE
Language note Translated from English
650 10 - SUBJECT ADDED ENTRY--TOPICAL TERM
Topical term or geographic name entry element Malay language
Form subdivision Readers
-- Juvenile fiction
Topical term or geographic name entry element Robotic animals
Form subdivision Juvenile fiction
Topical term or geographic name entry element Children's stories, Malay
Topical term or geographic name entry element Audiobooks
700 1# - ADDED ENTRY--PERSONAL NAME
Personal name Ghosh, Adrija,
Relator term illustrator.
Personal name Muhd Nazri,
Relator term translator.
830 #0 - SERIES ADDED ENTRY--UNIFORM TITLE
Uniform title Siri STEM
942 ## - ADDED ENTRY ELEMENTS (KOHA)
Source of classification or shelving scheme Dewey Decimal Classification
Koha item type Book
Holdings
Withdrawn Not for loan Current library Shelving location Date acquired Total Checkouts Full call number Barcode Date last seen Koha item type Total Renewals Date last checked out
    Perpustakaan Alor Setar Pinjaman Kanak-kanak 08/11/2023   K 499.2386 MIN A01795858 08/11/2023 Book    
    Perpustakaan Awam Sungai Petani Pinjaman Kanak-kanak 08/11/2023 8 K 499.2386 MIN A01795859 18/04/2026 Book 2 04/04/2026
    Perpustakaan Jitra Pinjaman Kanak-kanak 08/11/2023 2 K 499.2386 MIN A01795860 17/09/2025 Book   01/09/2025
    Perpustakaan Kulim Pinjaman Kanak-kanak 08/11/2023 1 K 499.2386 MIN A01795862 03/08/2025 Book   20/07/2025
    Perpustakaan Langkawi Pinjaman Kanak-kanak 08/11/2023 1 K 499.2386 MIN A01795861 05/06/2025 Book   08/05/2025